[Event "Match 79__120'/40"]
[Site "Zürich"]
[Date "2025.??.??"]
[Round "39"]
[White "Mephisto Explorer Pro"]
[Black "Mephisto Polgar sel. 5"]
[Result "0-1"]
[WhiteElo "2013"]
[BlackElo "1981"]
[Annotator "Utzinger,K"]
[PlyCount "137"]
[EventDate "2024.10.21"]
[EventType "match"]
[SourceVersionDate "2024.10.21"]

{[%evp 0,137,19,12,12,12,17,12,13,0,4,-14,41,34,33,31,27,40,25,23,7,15,53,55,49,45,40,40,74,-13,-16,-12,-18,-37,-39,-46,-39,-23,-24,-23,-23,-52,16,1,0,6,13,-22,49,29,48,51,51,51,43,40,70,77,80,33,30,24,24,10,30,21,32,1,-9,-57,-57,-57,-57,-57,-52,-68,-73,-81,-65,-162,-162,-162,-148,-162,-164,-164,-158,-158,-158,-187,-144,-230,-226,-307,-283,-289,-283,-233,-244,-255,-224,-232,-217,-226,-216,-286,-315,-369,-243,-335,-388,-394,-394,-510,-586,-612,-624,-638,-485,-591,-591,-591,-583,-597,-591,-617,-619,-797,-807,-817,-817,-1799,-29970,-29971,-29974,-29971,-29980,-29983,-29982,-29987]} 1. e4 e5 {Match 120'/40 | Bediener: Rolf Bühler | 39. Partie: Schwarz (Mephisto Polgar) gewinnt | Zwischenstand: 23,0-16,0 (58,9%) für Mephisto Explorer Pro / hypothetisch: 22,5-16,5 (57,6%) für Mephisto Explorer Pro | Eröffnung: Wiener Partie, 3.Lc4 Lb4 | In einer harmlosen Variante der Wiener Partie verdirbt Weiss mit 14.fxe5? seinen viel versprechenden Vorteil. Später gerät er selbst in Nachteil, begeht aber dann durch 39.Txd7? Selbstmord. Und für einmal lässt das Programm von Ed Schroeder nichts mehr anbrennen.} 2. Nc3 Nf6 3. Bc4 {***ENDE BUCH***} Bb4 {***ENDE BUCH***} 4. Nge2 Nc6 {Wer auf sofortigen Ausgleich bedacht ist, der wird 4...Sxe4 wählen.} (4... Nxe4 5. Bxf7+ Kxf7 6. Nxe4 d5 7. N4g3 Rf8 8. O-O Nc6 9. d4 exd4 10. Nxd4 Kg8 11. c3 Be7 12. Re1 Nxd4 13. Qxd4 Bf6 14. Qd3 b6 15. Bf4 c5 16. Nh5 Bb7 17. Qg3 Kh8 $6 (17... Rf7 $11) 18. Re6 $16 Qd7 19. Rd6 $6 (19. Be5 $1 $16) 19... Qf5 $6 (19... Qe7 $11) 20. Nxf6 $6 $11 (20. Rxf6 $1 $16) 20... Rxf6 21. Rxf6 Qxf6 22. Re1 h6 $6 (22... Bc6 $11) 23. Be5 $16 Qf7 24. Bxg7+ Kh7 $2 $18 25. Be5 $6 $16 {besser Dd6 und Lxh6 sowie Dh4 alle +-} Rg8 26. Qd3+ Qg6 27. Qxg6+ Kxg6 28. Bf4 d4 29. cxd4 cxd4 30. f3 Kf5 31. Bg3 Rc8 32. Re7 Rc1+ 33. Kf2 Ba6 34. Bh4 Rc2+ 35. Kg1 d3 36. Rd7 d2 {0-1 (36) Aronian,L (2735)-Nakamura,H (2768) Chess.com INT 2022}) 5. O-O Na5 {Sinnvoller ...Sxe4 oder ...0-0.} 6. Bd3 Bc5 {Etwas besser sind ...Sc6 oder ...d5} 7. a3 Nc6 8. b4 Bb6 9. Bb2 $14 d6 10. Na4 Bd7 11. b5 Ne7 12. Nxb6 axb6 13. f4 $16 {Weiss steht klar besser.} Ng6 14. fxe5 $2 {Damit befreit Weiss seinen Gegner von allen Sorgen.} (14. f5 Ne7 15. a4 {und die Engine PROMENADE gibt folgende Bewertung aus: +- (2.11) (99% +98% =2% -0%) Depth: 57/79, was eigentlich bereits einer Gewinnstellung entspricht.}) 14... dxe5 15. Ng3 Qe7 16. Be2 O-O 17. a4 Qb4 18. Bc3 Qc5+ 19. Kh1 Nf4 20. Bf3 Rfd8 ({Genauer ist} 20... Rfe8 {um der gegnerischen Absicht Dd1-c1-b2 und Druck auf e5 vorzubeugen.}) 21. Bb2 {Vorteilhafter war 21.Dc1, gefolgt von Db2.} Be6 22. d3 Nd7 23. Bc1 Ng6 24. Nf5 c6 25. Be3 Qb4 26. Bd2 Qc5 27. Bg5 Re8 28. Be3 Qb4 29. Qb1 {Damit geht ein Bauer verloren, allerdings ohne Folgen gemäss den Engines. Besser aber 29.Ld2 oder 29.c4.} ({PROMENADE-avx2: 1)} 29. Bd2 Qc5 30. c4 cxb5 31. Be3 Qf8 32. axb5 Nc5 33. Rxa8 Rxa8 34. Qc2 Qd8 35. Rd1 Nh4 36. d4 exd4 37. Bxd4 Bxf5 38. exf5 Nxf3 39. Bxc5 Qh4 40. gxf3 bxc5 41. Qe4 Qxe4 42. fxe4 Kf8 43. Rd7 b6 44. Kg2 Ra4 45. Kf3 Rxc4 46. Rb7 f6 47. Rxb6 Rc3+ 48. Ke2 Rb3 49. Rb7 Rb4 50. Kd2 h5 51. Kc3 Ke8 52. Rxg7 Rxb5 53. Kc4 Rb4+ 54. Kd5 Ra4 55. e5 fxe5 56. Ke6 Ra6+ 57. Kxe5 Rb6 58. Rc7 Rb2 {[%eval 9,54] [%wdl 27,959,14]}) ({PROMENADE-avx2: 2)} 29. c4 Nc5 30. bxc6 bxc6 31. h4 h6 32. Qc2 Nxa4 33. h5 Nf4 34. g3 Nh3 35. Qc1 Qc3 36. Qxc3 Nxc3 37. Bg4 Bxf5 38. Bxf5 Ng5 39. Bxb6 Na4 40. c5 Ne6 41. Bxe6 Rxe6 42. Rfc1 Re7 43. Rab1 Rb7 44. Kg2 Rab8 45. Rb4 Nxc5 46. Rxc5 Rxb6 47. Rxb6 Rxb6 48. Rxe5 Kf8 49. Kf3 Rb3 50. Ke3 Rb1 51. Rc5 Rg1 52. Kf3 Rd1 53. Ke2 Rg1 54. Ra5 Rxg3 {[%eval 4,54] [%wdl 23,960,17]}) 29... Rxa4 30. Qxb4 Rxb4 31. Ra7 Rf8 32. Rxb7 Rxb5 33. Bh5 {Ein "komischer" Zug.} Rb2 $15 34. Bxg6 hxg6 35. Ne7+ Kh7 36. Rc1 Rb8 {Nicht die beste Fortsetzung.} (36... Re8 {erzwingt} 37. Nxc6 Rc8 38. d4 (38. Ne7 $2 Rcxc2 39. Rxc2 Rxc2 40. Nd5 Re2 41. Bg1 Re1 42. Nb4 Nf6 43. Rxb6 Nh5 44. Nc6 f6 45. d4 Nf4 46. h3 Ne2 $19) 38... Rxc6 39. d5 Bxd5 40. exd5 Rd6 41. c4 Re2 42. Bg1 f5 $17) 37. Ra7 Re8 38. Nxc6 Rc8 {[#]} 39. Rxd7 $2 $19 {[%mdl 32768] Mit diesem ***VERLUSTZUG*** brennen dem Mephisto Explorer Pro die Sicherungen durch. Nach dem korrekten 39.d4 war der Kampf auf dem Niveau der beiden Programme noch nicht entschieden.} Bxd7 40. Nxe5 Be6 41. c3 Rd8 ({Noch besser ist} 41... b5 {-+ 3.57}) 42. Bd4 f6 43. Nf3 Ra8 {-+ 1.92} ({Noch besser ist} 43... Bg4 {-+ 3.34}) 44. Rg1 g5 45. c4 Rb3 46. e5 g4 $19 {Diese klare Gewinnstellung gibt nun der Mephisto Polgar nicht mehr aus der Hand.} 47. Ne1 Rd8 48. Ba1 Ra3 49. Bb2 Ra2 50. Bc3 Bf5 51. exf6 Bxd3 52. fxg7 Bxc4 53. h3 Bd5 54. Rf1 Rc8 55. Bd4 Rc4 56. Bf2 gxh3 57. Kh2 Rf4 58. Nd3 Bxg2 59. Nxf4 Bxf1 60. Nxh3 Bxh3 61. Kg3 b5 62. Bd4 Bd7 63. g8=Q+ Kxg8 64. Bc5 Ra4 65. Bg1 Rg4+ 66. Kf2 Rxg1 67. Ke3 b4 68. Kd3 Be6 {Matt in 8 Zügen} 69. Ke2 {***AUFGEGEBEN***} 0-1

[Event "Match 79__120'/40"]
[Site "Zürich"]
[Date "2025.??.??"]
[Round "40"]
[White "Mephisto Polgar sel. 5"]
[Black "Mephisto Explorer Pro"]
[Result "1/2-1/2"]
[WhiteElo "1981"]
[BlackElo "2013"]
[Annotator "Utzinger,K"]
[PlyCount "134"]
[EventDate "2024.10.21"]
[EventType "match"]
[SourceVersionDate "2024.10.21"]

{[%evp 0,57,28,28,48,9,46,30,22,33,42,44,40,41,36,51,77,12,44,27,62,-6,-18,-9,-19,-13,-20,2,26,23,38,30,13,13,27,25,25,42,39,33,33,44,44,38,43,10,47,7,26,38,37,37,37,19,19,12,8,4,5,25]} 1. e4 e6 {Match 120'/40 | Bediener: Rolf Bühler | 40. Partie: Remis | Zwischenstand: 23,5-16,5 (58,7%) für Mephisto Explorer Pro / hypothetisch: 23,0-17,0 (57,5%) für Mephisto Explorer Pro | Eröffnung: Französische Verteidigung, Rubinstein Variante 3...dxe4 4.Sxe4 | Eine wirklich beispielhafte Remis-Partie ohne einen echten Fehler auf beiden Seiten. Wirklich lobenswert und vor allem auch deshalb erstaunlich, weil ab dem 26. Zug ein Turmendspiel auf dem Brett steht, wobei Schwarz am Ende mit zwei verbundenen Mehrbauern auf h6 und g5 nicht gewinnen kann. Dass der Mephisto Polgar wieder nicht gewinnt, hilft indessen nur dem Gegner, der seinen Matchsieg schon fast im Sack hat.} 2. d4 d5 3. Nc3 dxe4 4. Nxe4 Nd7 5. Nf3 Ngf6 6. Nxf6+ Nxf6 7. Bd3 Be7 {***ENDE BUCH***} 8. Qe2 O-O 9. Bg5 {***ENDE BUCH***} Nd5 {Eine rare Wahl in dieser Stellung.} 10. Qe4 $6 {Verdirbt sich die Chance auf weissen Vorteil. Etabliert haben sich zwei andere Fortsetzungen: 10.Ld2 und 10.h4!?} f5 11. Qh4 Bxg5 12. Qxg5 Qxg5 13. Nxg5 Rd8 {Etwas genauer ist 13...Sb4=.} 14. O-O-O $14 Nf4 15. Bf1 h6 16. Nf3 b6 17. Ne5 Bb7 18. Rg1 Kh7 19. g3 Ng6 20. Bc4 Bd5 {Auch das Schlagen des Se5 kam in Frage.} (20... Nxe5 21. dxe5 Bd5 22. Bxd5 exd5 $11) 21. Bxd5 Rxd5 22. f4 c5 {Weshalb unnötig komplizieren und dem Gegner wieder einen geringen Vorteil einräumen? Leicht besser war deshalb:} (22... Nxe5 $1 23. dxe5 Rad8 24. Rxd5 Rxd5 25. Rd1 Rxd1+ 26. Kxd1 $11 {Remisstellung}) 23. dxc5 (23. Nf3 {ist ein Tick genauer} cxd4 24. Rxd4 Rxd4 25. Nxd4 Nf8 26. Re1 Kg8 27. Nf3 Kf7 28. c3 $14) 23... Nxe5 24. Rxd5 exd5 25. fxe5 bxc5 {[#] Dieses Turmendspiel ist ausgeglichen mit doch noch Spiel für beide Seiten.} 26. Rd1 d4 27. b4 Rc8 28. e6 cxb4 29. Rxd4 Re8 30. Rxb4 Rxe6 {Es ist einiges Holz getauscht worden, ohne dass sich am Ausgleich etwas geändert hat.} 31. Ra4 a6 32. Kb2 g5 {Es ist richtig, die Bauernmehrheit zu einem Faktor zu machen.} 33. Kc3 Kg6 34. Kd2 Kf6 35. Kd3 Rc6 36. a3 Ke7 37. Rc4 {Es ist immer wieder erstaunlich, mit welcher Selbstverständlichkeit unsere Oldies bereit sind, in ein Bauernendspiel einzulenken. In den meisten Fällen sind die alten Schachprogramme nämlich nicht in der Lage, die jeweils entstehenden Stellungen korrekt einzuschätzen. Hier führt der Turmtausch (ausnahmsweise) zum Ausgleich.} Rf6 (37... Rxc4 {z.B.} 38. Kxc4 Ke6 39. Kd4 h5 40. c4 h4 41. gxh4 (41. c5 $2 h3 $19) 41... gxh4 42. Ke3 Ke5 43. c5 Kd5 44. Kf4 Kxc5 45. Kxf5 Kb5 46. Kg4 Ka4 47. Kxh4 Kxa3 48. Kg5 Kb2 49. h4 a5 50. h5 a4 51. h6 a3 52. h7 a2 53. h8=Q+ Kb1 $11) 38. Rc7+ Kd6 39. Ra7 Kc5 40. Ke3 f4+ 41. gxf4 Rxf4 {Auch 41...gxf4 genügt zum Remis. Aber auch das vermag das Programm von Frans Morsch weder zu berechnen noch zu wissen. Deshalb ist es erstaunlich, dass auf 41...gxf4 verzichtet wird.} 42. Rxa6 Rh4 43. Kf2 Kb5 44. Re6 Rxh2+ 45. Kg3 Rh1 46. Kf3 Rh3+ 47. Kg4 Rh4+ 48. Kg3 Kc5 49. Ra6 Rh5 50. a4 Kb4 51. a5 {Dieser Vorstoss ist mit gewissen Nachteilen verbunden, wie man in der Folge sehen wird. Die Stellung bleibt trotzdem im Gleichgewicht, was beide Programme nicht wissen können.} Rh4 52. Ra8 Kb5 53. c3 Rc4 {Nun sieht es bitter aus für Weiss, geht doch ein Bauer verloren. Dass die Stellung trotzdem Remis werden sollte, ist aber rein zufällig.} 54. a6 Rxc3+ 55. Kg4 $1 {Alles andere verliert, z.B.} (55. Kg2 Rc6 56. a7 Kb6 57. Kf3 Kb7 58. Rh8 Kxa7 59. Kg4 Rc4+ 60. Kf5 Rh4 $19) 55... Rc6 56. Kh5 (56. a7 Kb6 57. Kh5 Kb7 58. Rf8 Kxa7 $11 {ändert nichts}) 56... Rxa6 57. Rc8 $11 {[#] Eine wichtige Stellung, die Remis ist. Weiss hat eine ideale Aufstellung erreicht: Der König blockiert die Bauern und greift den h6-Bauern an, während der Turm verhindert, dass der schwarze König seine verbundenen Freibauern wirkungsvoll unterstützen kann.} Kb4 (57... Rc6 58. Ra8 Kc4 59. Ra1 Kd3 60. Re1 $11 {und Schwarz kann seine Stellung nicht mehr verstärken.}) 58. Rc7 Ka4 59. Rb7 Ka5 60. Rh7 Kb5 61. Rc7 Ra3 {Offenbar ist der Mephisto Explorer Pro der Meinung, dass es ohne die Hergebe des h6-Bauern nicht weiter geht.} 62. Kxh6 g4 63. Kh5 g3 64. Rg7 Kc4 65. Kh4 Kd4 66. Rg4+ Ke5 67. Rxg3 Ra8 {***REMIS***} 1/2-1/2

[Event "Match 79__120'/40"]
[Site "Zürich"]
[Date "2025.??.??"]
[Round "41"]
[White "Mephisto Explorer Pro"]
[Black "Mephisto Polgar sel. 5"]
[Result "1-0"]
[WhiteElo "2013"]
[BlackElo "1981"]
[Annotator "Utzinger,K"]
[PlyCount "64"]
[EventDate "2024.10.21"]
[EventType "match"]
[SourceVersionDate "2024.10.21"]

{[%evp 0,64,32,32,27,-11,29,39,64,55,38,31,54,17,22,24,33,3,-1,0,6,-5,1,-8,-12,-8,19,-12,44,45,33,38,39,39,39,40,145,134,159,116,235,231,304,307,307,304,384,366,363,368,377,373,380,384,384,387,384,387,399,427,453,475,472,477,483,490,601]} 1. Nf3 d5 {Match 120'/40 | Bediener: Rolf Bühler | 41. Partie: Weiss (Mephisto Explorer Pro) gewinnt | Zwischenstand: 24,5-16,5 (59,7%) für Mephisto Explorer Pro / hypothetisch: 24,0-17,0 (58,5%) für Mephisto Explorer Pro | Eröffnung: Réti System, Flanken-Slawisch 2...c6 | Statt kurz zu rochieren, spielt Schwarz 17...b5?. Dieser Vorstoss schwächt die offene c-Linie und den schwarzen Damenflügel tödlich. Mit leichter Hand und guten, einfachen Zügen legt der Mephisto Explorer Pro die gegnerische Stellung innert kurzer Zeit in Schutt und Asche. Eine starke Leistung des holländischen Programms von Frans Morsch.} 2. c4 {***ENDE BUCH***} c6 {***ENDE BUCH***} 3. e3 Bf5 4. cxd5 cxd5 5. Qb3 Qc7 6. Bb5+ Bd7 7. O-O e6 8. d4 Bxb5 9. Qxb5+ Nc6 10. Nc3 a6 11. Qb3 Nf6 12. Re1 Bd6 13. Bd2 Ne4 {Gesünder war es, mit 13...0-0 die Entwicklung fortzusetzen.} 14. Nxe4 dxe4 15. Ng5 Bxh2+ 16. Kh1 Bd6 17. Nxe4 {Die ganze Abwicklung hat zur Folge, dass Weiss mehr vom Zentrum hat.} {[#]} b5 $2 $18 {[%mdl 2] Ein ***VERLUSTZUG***, der die c-Linie und den Damenflügel massgeblich schwächt. Nach 17...0-0 wäre in der schwarzen Stellung alles in Ordnung gewesen.} 18. Rec1 Be7 {Es gibt keine genügende Verteidigung mehr.} (18... Qd8 19. Kg1 Ne7 20. a4 b4 (20... Rb8 21. Ba5 $1 Bh2+ 22. Kxh2 Qxa5 23. Nd6+ Kf8 24. axb5 $18) 21. Nxd6+ Qxd6 22. Bxb4 Qd7 23. Qa3 Nd5 24. Bd6 $18 {3.82(100%)/50}) (18... Qe7 19. Kg1 Qd7 20. a4 b4 21. a5 Be7 22. Qa4 Na7 23. Bxb4 Qxa4 24. Rxa4 $18 {3.84(100%)/49}) 19. a4 $1 {Die beste Fortsetzung.} Rb8 (19... bxa4 20. Qxa4 Rc8 21. Rc2 Kd7 22. Rac1 f5 23. Nc5+ Bxc5 24. Rxc5 Qd6 25. Bb4 $18) 20. Qc2 Rc8 21. axb5 axb5 22. Ra6 Kd7 {Der einzige Weg, um den Sc6 ein drittes Mal zu decken.} 23. Nc5+ Ke8 {Keine Rettung bringt...} (23... Bxc5 24. Qxc5 Qb7 25. Rb6 Qa8 26. d5 $18) 24. Nd3 Bd6 (24... Kd7 {scheitert nun an} 25. Rxc6 {und der Turm ist tabu wegen} Qxc6 26. Ne5+ {mit Eroberung der Dame}) 25. Qxc6+ Qxc6 26. Rcxc6 Rxc6 27. Rxc6 {Weiss ist mit einer Leichtfigur im Plus.} Ke7 28. e4 Ra8 29. e5 Ra1+ 30. Kh2 Bb8 31. Nc5 Rd1 32. Be3 {Nun geht auch noch der schwarze Lb8 verloren.} Ra1 {***AUFGEGEBEN***} 1-0

[Event "Match 79__120'/40"]
[Site "Zürich"]
[Date "2025.??.??"]
[Round "42"]
[White "Mephisto Polgar sel. 5"]
[Black "Mephisto Explorer Pro"]
[Result "1-0"]
[WhiteElo "1981"]
[BlackElo "2013"]
[Annotator "Utzinger,K"]
[PlyCount "88"]
[EventDate "2024.10.21"]
[EventType "match"]
[SourceVersionDate "2024.10.21"]

{[%evp 0,88,27,22,22,8,8,7,18,-2,10,13,16,-15,-18,-7,-3,2,13,13,13,-24,-10,-16,0,-21,55,58,61,49,35,36,28,28,59,55,76,65,79,56,65,65,67,59,74,93,107,131,96,76,148,153,244,254,290,439,482,503,536,538,604,732,735,791,812,800,855,878,904,765,799,817,818,854,857,866,874,911,948,962,987,1015,1120,1088,1130,1190,1362,1494,1922,1288,1331]} 1. e4 e5 {Match 120'/40 | Bediener: Rolf Bühler | 42. Partie: Weiss (Mephisto Polgar) gewinnt | Zwischenstand: 24,5-17,5 (58,3%) für Mephisto Explorer Pro / hypothetisch: 24,0-18,0 (57,1%) für Mephisto Explorer Pro | Eröffnung: Spanisch, Morphy Verteidigung, Spanisches Mittelgambit 6.d4 | Der Mephisto Explorer Pro behandelt das Mittelspiel nicht gut. Und in der Folge wird das Programm von Mephisto Polgar positionell überspielt und geht chancenlos unter.} 2. Nf3 Nc6 3. Bb5 a6 4. Ba4 Nf6 5. O-O Be7 6. d4 exd4 7. e5 (7. Re1 {ist eine ebenfalls übliche Wahl}) 7... Ne4 8. Nxd4 Nxd4 (8... O-O 9. Re1 Nc5 10. Nf5 d5 (10... Nxa4 $5) 11. Bxc6 Bxf5 12. Bxd5 c6 13. Bf3 Qxd1 14. Bxd1 Rfd8 {½-½ (85) Vachier Lagrave,M (2736)-Carlsen,M (2859) Chess.com INT 2022}) 9. Qxd4 {***ENDE BUCH***} Nc5 {***ENDE BUCH***} 10. Be3 {Unüblich, wird doch hier 10.Lb3 oder 10.Sc3 bevorzugt.} Nxa4 11. Qxa4 O-O 12. Nc3 b5 13. Qe4 Rb8 14. Rad1 Re8 15. f4 Bb7 16. Nd5 c6 $2 {Schwarz sollte sich mit 16...Lf8 das Läuferpaar erhalten. Der seltsame Textzug, der den Lb7 einschränkt, führt zu klarem Vorteil für Weiss.} 17. Nxe7+ Qxe7 18. Ba7 $6 {Nicht die richtige Wahl, um die gegnerische Nachlässigkeit 16...c6 auszunutzen.} (18. Qd3 $1 c5 (18... Bc8 19. f5 $16) 19. Qxd7 Qxd7 20. Rxd7 $16) 18... d5 $6 {Auch nicht am besten.} (18... c5 $1 19. Qf5 Ra8 20. Rxd7 Bc8 21. Rxe7 Bxf5 22. Rxe8+ Rxe8 23. Bxc5 Bxc2 $14 {und dieses Endspiel mit ungleichfarbigen Läufern ist nicht zu gewinnen.}) 19. Qe3 $16 Rbc8 20. Bc5 Qe6 21. Rde1 {Wesentlich stärker ist:} (21. Qd3 Rcd8 22. Bd4 c5 $5 {Noch die beste Methode, seine weissfeldrigen Schwächen los zu werden.} (22... g6 23. f5 $18) 23. Bxc5 d4 24. Bxd4 Qc6 25. Rd2 h5 26. c3 {obwohl es auch hier unwahrscheinlich ist, dass Schwarz sich noch retten kann, wenn man die Engine-Bewertung anschaut: +- (2.62 ++) (100% +100% =0% -0%) Depth: 53/91}) 21... Qf5 22. Qd3 $6 {Damentausch minimiert den weissen Vorteil massgeblich.} {[#]} Qg4 $2 $18 {[%mdl 2] ***VERLIERT*** chancenlos, weil Schwarz dem Damentausch ausweicht.} 23. h3 {Gemäss den Engines ist 23.Te3 gar noch stärker.} Qh4 24. f5 a5 25. e6 {Nun macht der Mephisto Polgar dem Gegner auf kraftvolle Art und Weise den Garaus.} fxe6 26. fxe6 Ba6 27. e7 h6 28. Qg6 b4 29. Qe6+ Kh8 30. Rf8+ Rxf8 (30... Kh7 $2 31. Qf5+ g6 32. Qf7#) 31. exf8=Q+ Rxf8 32. Bxf8 {Mit einem Turm mehr bei geschwächter schwarzer Königsstellung ist die Realisierung des weissen Vorteils ein Kinderspiel.} Qd4+ 33. Kh1 Qf6 34. Qe8 Kh7 35. Bxg7 Qxg7 36. Re7 Bb5 37. g4 Qxe7 38. Qxe7+ Kg8 39. Qd8+ Kf7 40. Qxa5 Bc4 41. Qxb4 Bxa2 42. Qb7+ Kg6 43. Qxc6+ Kg5 44. b3 d4 {***AUFGEGEBEN***} 1-0